|
|
|
|
| LEADER |
00000nab a2200000 a 4500 |
| 001 |
vtls000837916 |
| 003 |
SK-MaSNL |
| 005 |
20260304115902.0 |
| 008 |
250429c2003 xo 0 slo |
| 015 |
|
|
|a SNBRB2003/07-18165
|
| 035 |
|
|
|a CLN000189571
|
| 035 |
|
|
|a urn:nbn:sk:snk-abbwfn
|
| 035 |
|
|
|a (urnnbn)urn:nbn:sk:snk:ar-0016r7
|
| 035 |
|
|
|a (uuid)289a18b5-478f-41a5-8cf5-626a5705cea6
|
| 040 |
|
|
|a SNKBUCL
|b slo
|c SNKBUCL
|e AACR2
|
| 041 |
0 |
|
|a cze
|
| 044 |
|
|
|a xo
|c SK
|
| 080 |
|
|
|a 621.313.322
|2 1997
|
| 100 |
1 |
|
|a Máslo, Karel
|4 aut
|9 779129
|
| 245 |
1 |
0 |
|a Analýza asynchronního chodu generátorů
|n (1)
|c Karel Máslo, Ladislav Haňka
|
| 300 |
|
|
|b Grafy, sch.
|
| 504 |
|
|
|a Bibliogr. odkazy
|
| 650 |
0 |
7 |
|a generátory synchrónne
|x chod asynchrónny
|2 snkbucl
|9 1422979
|
| 655 |
|
7 |
|a články z novín a časopisov
|2 snkbucl
|9 267496
|
| 700 |
1 |
|
|a Haňka, Ladislav
|4 aut
|9 682150
|
| 773 |
0 |
|
|t AT&P journal
|g Roč. 10, č. 1 (2003), s. 62-63
|x 1335-2237
|
| 850 |
|
|
|a Slovenská národná knižnica
|
| 852 |
|
|
|a Slovenská národná knižnica
|
| 954 |
|
|
|a odborná, vedecká literatúra cudzojazyčná (svetová)
|2 lita
|
| 958 |
|
|
|a article15
|
| 958 |
|
|
|a OND
|
| 958 |
|
|
|a NB
|
| 958 |
|
|
|a EUIPO
|
| 992 |
|
|
|a RBX
|
| 999 |
|
|
|c 2877939
|d 2879869
|